AC Milan trenerzy w XXI wieku - Statystyki

Ogólne statystyki
  • Ten quiz został rozwiązany 209 razy
    53 od ostatniego zresetowania
  • Średni wynik to 7 z 17
Statystyki odpowiedzi
Lata pracy Narodowość trener % Poprawnych
2001-2009 Włochy Carlo Ancelotti
82%
2019-2024 Włochy Stefano Pioli
82%
2010-2014 Włochy Massimiliano Allegri
68%
2014-2015 Włochy Filippo Inzaghi
58%
2017-2019 Włochy Gennaro Gattuso
58%
Obecnie Portugalia Sérgio Conceição
58%
2014 Holandia Clarence Seedorf
48%
2024 Portugalia Paulo Fonseca
46%
2015-2016 Serbia Sinisa Mihajlovic
40%
2009-2010 Brazylia Leonardo
38%
2001 Turcja Fatih Terim
34%
2016-2017 Włochy Vincenzo Montella
34%
2019 Włochy Marco Giampaolo
26%
1998-2001 Włochy Alberto Zaccheroni
12%
2016 Włochy Cristian Brocchi
12%
2001 Włochy Mauro Tassotti
12%
2014 Włochy Mauro Tassotti
2%
Nie znaleziono quizów pasujących do podanych kryteriów
Rozkład punktacji
Procent ludzi z każdym wynikiem
Percentyl według liczby udzielonych odpowiedzi
Twoja historia wyników
Nie rozwiązałeś tego quizu od ostatniego zresetowania